| 000 | 00713cab a2200241 4500 | ||
|---|---|---|---|
| 001 | ABS56722 | ||
| 008 | 090401t1997 xxu||||| |||| 00| 0 eng d | ||
| 035 | _a(Sirsi) u77325 | ||
| 041 | _aeng | ||
| 100 | _aSeidl, A. | ||
| 245 | _aColour blindness in housing debate | ||
| 260 | _c1997 | ||
| 350 | _a0 | ||
| 490 |
_aEstates Gazette _v(9711) 15 March 1997, 58-61(4) |
||
| 520 | _aReports the conclusions of Estate Gazette`s Housing Forum on the government`s Green Paper "Household Growth: Where shall we live?". | ||
| 650 | _aBROWNFIELD SITES | ||
| 650 | _aGREENFIELD SITES | ||
| 650 | _aHOUSEHOLD GROWTH | ||
| 650 | _aHOUSING DEVELOPMENTS | ||
| 690 | _aHOUSING | ||
| 942 | _n0 | ||
| 948 | _c24/03/1997 | ||
| 999 |
_c48619 _d48619 |
||